00934nam a2200241Ia 4500003000400000005001700004008004100021020001800062040001800080041000800098082002200106100002800128245010900156250001200265260004100277300002800318650005400346650004800400700002500448942003500473999001900508952016500527OSt20250304112610.0210716s2008 xx 000 0 und d a9788178298474 cAIMIT LIBRARY aeng a658.406 21bSIDM aSiddiqui, Moid.9203663 aAcrobatics of change: bconcepts techniques strategies and execution /cBy Moid Siddiqui and R H Khwaja. a1st ed. aNew Delhi :bResponse Books ;c2008. axii,292p. ;bPBc21 cm. aPortfolio management matrix and strategic9203664 aHard track and soft track processes9203665 aKhwaja, R H.9203666 2ddccBKe1st ed.k658.406 SIDM c205914d205914 00102ddc40708MBAaAIMITbAIMITd2010-12-15g350.00iBill no:ABK.507; Bill dt:2010-09l0o658.406 SIDMpMBA08480r2025-07-21 00:00:00v262.50w2021-07-16yBK